1963-64 NCAA Men's Basketball AP Poll - Statistics

General Stats
  • This quiz has been taken 17 times
  • The average score is 92 of 151
Answer Stats
Week Rank Team W L Conference % Correct
Preseason 4 Duke 0 0 ACC
100%
Week 1 (12/10) 3 Duke 3 0 ACC
100%
Week 2 (12/17) 5 Duke 4 1 ACC
100%
Week 3 (12/24) 8 Duke 6 2 ACC
100%
Week 4 (12/31) 9 Duke 6 2 ACC
100%
Week 5 (1/7) 10 Duke 8 3 ACC
100%
Week 6 (1/14) 10 Duke 10 3 ACC
100%
Week 7 (1/21) 8 Duke 10 3 ACC
100%
Week 8 (1/28) 8 Duke 11 3 ACC
100%
Week 9 (2/4) 7 Duke 13 3 ACC
100%
Week 10 (2/11) 5 Duke 15 3 ACC
100%
Week 11 (2/18) 4 Duke 17 3 ACC
100%
Week 12 (2/25) 4 Duke 20 4 ACC
100%
Week 13 (3/3) 4 Duke 20 4 ACC
100%
Final Poll 3 Duke 23 4 ACC
100%
Preseason 8 Michigan 0 0 Big Ten
100%
Week 1 (12/10) 7 Michigan 3 0 Big Ten
100%
Week 2 (12/17) 3 Michigan 5 0 Big Ten
100%
Week 3 (12/24) 3 Michigan 6 0 Big Ten
100%
Week 4 (12/31) 5 Michigan 8 1 Big Ten
100%
Week 5 (1/7) 4 Michigan 10 1 Big Ten
100%
Week 6 (1/14) 3 Michigan 11 1 Big Ten
100%
Week 7 (1/21) 2 Michigan 12 1 Big Ten
100%
Week 8 (1/28) 2 Michigan 14 1 Big Ten
100%
Week 9 (2/4) 2 Michigan 15 1 Big Ten
100%
Week 10 (2/11) 2 Michigan 16 2 Big Ten
100%
Week 11 (2/18) 2 Michigan 17 2 Big Ten
100%
Week 12 (2/25) 3 Michigan 18 3 Big Ten
100%
Week 13 (3/3) 2 Michigan 19 3 Big Ten
100%
Final Poll 2 Michigan 20 4 Big Ten
100%
Week 2 (12/17) 6 UCLA 4 0 Western Universities
100%
Week 3 (12/24) 4 UCLA 6 0 Western Universities
100%
Week 4 (12/31) 2 UCLA 9 0 Western Universities
100%
Week 5 (1/7) 1 UCLA 11 0 Western Universities
100%
Week 6 (1/14) 1 UCLA 13 0 Western Universities
100%
Week 7 (1/21) 1 UCLA 15 0 Western Universities
100%
Week 8 (1/28) 1 UCLA 15 0 Western Universities
100%
Week 9 (2/4) 1 UCLA 17 0 Western Universities
100%
Week 10 (2/11) 1 UCLA 19 0 Western Universities
100%
Week 11 (2/18) 1 UCLA 21 0 Western Universities
100%
Week 12 (2/25) 1 UCLA 23 0 Western Universities
100%
Week 13 (3/3) 1 UCLA 25 0 Western Universities
100%
Final Poll 1 UCLA 26 0 Western Universities
100%
Week 1 (12/10) 10 Kansas - Big Eight
90%
Preseason 9 Kentucky 0 0 SEC
90%
Week 1 (12/10) 5 Kentucky 3 0 SEC
90%
Week 2 (12/17) 2 Kentucky 5 0 SEC
90%
Week 3 (12/24) 2 Kentucky 7 0 SEC
90%
Week 4 (12/31) 1 Kentucky 8 0 SEC
90%
Week 5 (1/7) 2 Kentucky 10 2 SEC
90%
Week 6 (1/14) 4 Kentucky 12 2 SEC
90%
Week 7 (1/21) 5 Kentucky 13 2 SEC
90%
Week 8 (1/28) 4 Kentucky 14 2 SEC
90%
Week 9 (2/4) 3 Kentucky 15 2 SEC
90%
Week 10 (2/11) 3 Kentucky 17 2 SEC
90%
Week 11 (2/18) 3 Kentucky 18 2 SEC
90%
Week 12 (2/25) 2 Kentucky 20 3 SEC
90%
Week 13 (3/3) 3 Kentucky 21 4 SEC
90%
Final Poll 4 Kentucky 21 4 SEC
90%
Preseason 7 Ohio State 0 0 Big Ten
90%
Week 1 (12/10) 8 Ohio State 3 1 Big Ten
90%
Preseason 3 Cincinnati 0 0 Missouri Valley
60%
Week 1 (12/10) 6 Cincinnati 2 1 Missouri Valley
60%
Week 2 (12/17) 4 Cincinnati 3 1 Missouri Valley
60%
Week 3 (12/24) 5 Cincinnati 5 1 Missouri Valley
60%
Week 4 (12/31) 4 Cincinnati 7 1 Missouri Valley
60%
Week 5 (1/7) 8 Cincinnati 8 3 Missouri Valley
60%
Week 6 (1/14) 8 Cincinnati 9 3 Missouri Valley
60%
Week 4 (12/31) 10 Villanova 8 1 Independent
50%
Week 5 (1/7) 9 Villanova 9 1 Independent
50%
Week 6 (1/14) 9 Villanova 11 1 Independent
50%
Week 7 (1/21) 7 Villanova 12 1 Independent
50%
Week 8 (1/28) 6 Villanova 14 1 Independent
50%
Week 9 (2/4) 6 Villanova 16 1 Independent
50%
Week 10 (2/11) 8 Villanova 17 2 Independent
50%
Week 11 (2/18) 5 Villanova 19 2 Independent
50%
Week 12 (2/25) 8 Villanova 19 3 Independent
50%
Week 13 (3/3) 7 Villanova 21 3 Independent
50%
Final Poll 7 Villanova 22 3 Independent
50%
Preseason 6 Arizona State 0 0 WAC
40%
Week 1 (12/10) 4 Arizona State 2 0 WAC
40%
Week 11 (2/18) 10 Drake 17 4 Missouri Valley
40%
Preseason 10 Oregon State 0 0 Independent
40%
Week 1 (12/10) 9 Oregon State 4 0 Independent
40%
Week 3 (12/24) 9 Oregon State 7 1 Independent
40%
Week 4 (12/31) 8 Oregon State 9 1 Independent
40%
Week 5 (1/7) 6 Oregon State 11 2 Independent
40%
Week 6 (1/14) 7 Oregon State 13 2 Independent
40%
Week 7 (1/21) 10 Oregon State 14 3 Independent
40%
Week 10 (2/11) 9 Oregon State 20 3 Independent
40%
Week 11 (2/18) 7 Oregon State 21 3 Independent
40%
Week 12 (2/25) 6 Oregon State 23 3 Independent
40%
Week 13 (3/3) 6 Oregon State 25 3 Independent
40%
Final Poll 6 Oregon State 25 3 Independent
40%
Week 2 (12/17) 8 Vanderbilt 5 0 SEC
40%
Week 3 (12/24) 6 Vanderbilt 7 0 SEC
40%
Week 4 (12/31) 6 Vanderbilt 9 0 SEC
40%
Week 5 (1/7) 7 Vanderbilt 10 1 SEC
40%
Week 6 (1/14) 6 Vanderbilt 12 1 SEC
40%
Week 7 (1/21) 6 Vanderbilt 13 1 SEC
40%
Week 8 (1/28) 5 Vanderbilt 13 1 SEC
40%
Week 9 (2/4) 8 Vanderbilt 14 2 SEC
40%
Week 10 (2/11) 7 Vanderbilt 17 2 SEC
40%
Week 2 (12/17) 10 Davidson 6 0 SoCon
30%
Week 3 (12/24) 7 Davidson 7 0 SoCon
30%
Week 4 (12/31) 7 Davidson 7 0 SoCon
30%
Week 5 (1/7) 5 Davidson 10 0 SoCon
30%
Week 6 (1/14) 5 Davidson 12 0 SoCon
30%
Week 7 (1/21) 4 Davidson 14 0 SoCon
30%
Week 8 (1/28) 3 Davidson 15 0 SoCon
30%
Week 9 (2/4) 5 Davidson 16 1 SoCon
30%
Week 10 (2/11) 4 Davidson 18 1 SoCon
30%
Week 11 (2/18) 8 Davidson 19 3 SoCon
30%
Week 12 (2/25) 7 Davidson 21 3 SoCon
30%
Week 13 (3/3) 10 Davidson 22 4 SoCon
30%
Final Poll 10 Davidson 22 4 SoCon
30%
Week 7 (1/21) 9 DePaul 12 0 Independent
30%
Week 8 (1/28) 9 DePaul 12 0 Independent
30%
Week 9 (2/4) 10 DePaul 12 1 Independent
30%
Week 10 (2/11) 10 DePaul 14 2 Independent
30%
Week 11 (2/18) 9 DePaul 16 2 Independent
30%
Week 12 (2/25) 9 DePaul 18 2 Independent
30%
Week 13 (3/3) 8 DePaul 20 2 Independent
30%
Final Poll 9 DePaul 21 2 Independent
30%
Preseason 1 Loyola Chicago 0 0 Independent
30%
Week 1 (12/10) 1 Loyola Chicago 2 0 Independent
30%
Week 2 (12/17) 1 Loyola Chicago 4 0 Independent
30%
Week 3 (12/24) 1 Loyola Chicago 6 0 Independent
30%
Week 4 (12/31) 3 Loyola Chicago 8 1 Independent
30%
Week 5 (1/7) 3 Loyola Chicago 10 1 Independent
30%
Week 6 (1/14) 2 Loyola Chicago 11 1 Independent
30%
Week 7 (1/21) 3 Loyola Chicago 11 1 Independent
30%
Week 8 (1/28) 10 Loyola Chicago 11 3 Independent
30%
Week 9 (2/4) 9 Loyola Chicago 14 3 Independent
30%
Week 12 (2/25) 10 Loyola Chicago 17 5 Independent
30%
Week 13 (3/3) 9 Loyola Chicago 19 5 Independent
30%
Final Poll 8 Loyola Chicago 20 5 Independent
30%
Preseason 5 Wichita 0 0 Missouri Valley
30%
Week 7 (1/21) 10 Wichita 13 3 Missouri Valley
30%
Week 8 (1/28) 7 Wichita 14 3 Missouri Valley
30%
Week 9 (2/4) 4 Wichita 16 3 Missouri Valley
30%
Week 10 (2/11) 6 Wichita 17 4 Missouri Valley
30%
Week 11 (2/18) 6 Wichita 18 5 Missouri Valley
30%
Week 12 (2/25) 5 Wichita 19 5 Missouri Valley
30%
Week 13 (3/3) 5 Wichita 21 5 Missouri Valley
30%
Final Poll 5 Wichita 22 5 Missouri Valley
30%
Preseason 2 NYU 0 0 Independent
20%
Week 1 (12/10) 2 NYU 2 0 Independent
20%
Week 2 (12/17) 7 NYU 4 1 Independent
20%
Week 3 (12/24) 10 NYU 4 2 Independent
20%
Week 2 (12/17) 9 Toledo 6 0 MAC
10%
No matching quizzes found
Score Distribution
Percent of People with Each Score
Percentile by Number Answered
Your Score History
You have not taken this quiz